| 000 | 01989nam a22001457a 4500 | ||
|---|---|---|---|
| 999 |
_c525612 _d525612 |
||
| 008 | 240328b ||||| |||| 00| 0 eng d | ||
| 100 |
_aRitu Kaur, Raj and Luthra, Ashwani _950830 |
||
| 245 | _aCrop residue as sustainable energy option: Case of Amritsar district, Punjab, India | ||
| 260 | _aIndian Journal of Public Administration | ||
| 300 | _a70(1), Mar, 2024: p.158-172 | ||
| 520 | _aHistorically, biomass energy is the oldest form of energy, for domestic purposes. Amongst biomass, crop-residue resources are abundant, especially in agriculture-dominated areas. Worldwide, of the total renewable energy potential, one-fourth of total renewable energy is being produced by biomass and waste. Within biomass, co-generation plants using process-based agricultural wastes are used for power generation. However, a major proportion of crop residues, that is, non-processed residues, are burnt in the open fields themselves, resulting in air pollution, greenhouse gases and climate change, deterioration of soil health due to loss of nutrients, moisture, etc. The present article assesses crop-residue generation, utilisation, and surplus-availability for energy generation in Amritsar district. Amritsar district is the second most populated among 22 districts of Punjab state. Agriculture is the main economic activity in the district, covering 82.2% of its geographical area. It has been estimated that a total of 2.5 million tonnes of crop residues are being generated annually within the Amritsar district. Out of the total residues, almost two-thirds of residues remain unutilised. The residues are being burnt, resulting in deteriorating air-quality, which could be used as a sustainable renewable energy source. The total surplus residue has the potential for 721 MW of power generation. – Reproduced https://journals.sagepub.com/doi/full/10.1177/00195561231204907 | ||
| 773 | _aIndian Journal of Public Administration | ||
| 906 | _aENERGY RESOURCES | ||
| 942 | _cAR | ||